| 000 | 00343nam a2200109Ia 4500 | ||
|---|---|---|---|
| 008 | 240129s9999 xx 000 0 und d | ||
| 100 | _aB., MISS TAZNEEM | ||
| 245 | 0 | _aPHARMACOLOGICAL SCREENING OF MEDICINAL PLANTS IN THE TREATMENT OF ULCERACTIVE COLITICS | |
| 260 |
_bMEWAR UNIVERSITY, CHITTORGARH _c2021 |
||
| 650 | _aPharmacy | ||
| 942 | _cTHE | ||
| 999 |
_c218938 _d218938 |
||